イントロクイズ #7 - Statistics

General Stats
  • This quiz has been taken 1,010 times
  • The average score is 9 of 30
Answer Stats
Intro Answer % Correct
私が私の事を愛して 何が悪いの? 嫉妬でしょうか? 可愛くてごめん
70%
君たちったら何でもかんでも 分類区別ジャンル分けしたがる Habit
70%
君とのラブストーリー それはいつも通り いざ始まればひとり芝居だ Pretender
70%
午前二時 フミキリに 望遠鏡を担いでった 天体観測
64%
君がいた夏は遠い夢の中 空に消えてった打ち上げ花火 夏祭り
63%
嗚呼、いつもの様に 過ぎる日にあくびが出る 群青
61%
たとえ 火の中 水の中 草の中 森の中 土の中 雲の中 あのコのスカートの中 めざせポケモンマスター
54%
○○○ ○○○ ○○○ Yes! ○○○ ○○○ ○○○ Yes! 君に 会いたかった
41%
いつか僕らの上をスレスレに 通り過ぎてったあの飛行機を ピースサイン
39%
コンコン 優しくノックして 乗り込め ココロの奪還戦 ヒバナ
37%
空にある何かを見つめてたら それは星だって君が教えてくれた ベテルギウス
35%
有象無象 人の成り 虚勢 心象 人外 物の怪みたいだ 廻廻奇譚
32%
アアア… 足りないものなーんだ 僕らの人生 正解どこなんだ 探せよ探せ ベノム
28%
ロンリーガールはいつまでも 届かない夢見て ローリンガール
25%
さぁ行くんだ その顔を上げて 新しい風に心を洗おう 銀河鉄道999
23%
どうだっていい言を 嘘って吐いて戻れない ゴーストルール
22%
勇気の鈴がりんりんりん 不思議な冒険るんるんるん 勇気りんりん
17%
Fun Fun, We hit the step, step 同じ風の中 We know, We love Oh Choo Choo TRAIN
17%
ゆれる街灯 篠突く雨 振れる感情 感情のテレパス エイリアンエイリアン
15%
とっとこはしるよハム太郎 すみっこはしるよハム太郎 ハム太郎とっとこうた
14%
限られた時の中で どれだけのコトが出来るのだろう… Story
13%
とある言葉が君に突き刺さり 傷口から漏れ出す液を「愛」と形容してみた モザイクロール
12%
ねぇ○○○ ねぇ○○○ またテレビつけたままで スヤスヤ どんな夢見てるの? Darling
11%
電車が近づく気配が好きなんだ 高架線のその下で耳を澄ましてた サヨナラの意味
10%
○○○ ○○○ 春夏で恋をして ○○○ ○○○ 秋冬で去っていく 二人セゾン
8%
何も持たずに生まれ落ちた僕 永遠の隙間でのたうち回ってる 愛にできることはまだあるかい
7%
腰に手を当て お尻フリフリ 皆おいでよワンダーランド ハッピー・ジャムジャム
6%
笑いたきゃ笑うがいい 失敗ばかりだけど 羞恥心
6%
君への想いが高鳴って 限りなきチカラ生まれる Hope
5%
I couldn't look back You'd gone away from me
4%
No matching quizzes found
Score Distribution
Percent of People with Each Score
Percentile by Number Answered
Your Score History
You have not taken this quiz